Normal view
MARC view
- Talha Aziz Khan
Entry Personal Name
001 - CONTROL NUMBER
- control field: 93105
003 - CONTROL NUMBER IDENTIFIER
- control field: NUST
005 - DATE AND TIME OF LATEST TRANSACTION
- control field: 20220705192727.0
008 - FIXED-LENGTH DATA ELEMENTS
- fixed length control field: 220705|| aca||aabn | a|a d
040 ## - CATALOGING SOURCE
- Original cataloging agency: NUST
- Transcribing agency: NUST
100 ## - HEADING--PERSONAL NAME
- Personal name: Talha Aziz Khan
670 ## - SOURCE DATA FOUND
- Source citation: Work cat.: (NUST)12757: Talha Aziz Khan , Design and implementation of a 3-phase power quality analyzer with computer interfacing, 2013
